000 00424nam a2200181Ia 4500
008 240510s9999 xx 000 0 und d
020 _a0000412286807
041 _aEng
082 _a519.2
082 _bC31
245 0 _aproblem solving : a statistician's guide
260 _bLondon : Chapman Hall
260 _c1988
300 _a261 p.
650 _aStatistics : problem solving
942 _2ddc
942 _cLBK
999 _c25321
_d25321
945 _a1
_bMadushi Gamage
_c1
_dMadushi Gamage